| 000 | 00508nam a2200169 a 4500 | ||
|---|---|---|---|
| 005 | 20210223120820.0 | ||
| 008 | 991125s1940 mx 000 0 spa u | ||
| 035 | _aUPN01000007692 | ||
| 049 | _aCG | ||
| 050 | 4 |
_aPQ6179 _bD5.2 |
|
| 100 | 1 | _aDíez-Canedo, Enrique | |
| 245 | 1 | 4 |
_aLas cien mejores poesías españolas / _cnueva colección formada por Enrique Díaz Canedo. |
| 260 |
_aMéxico : _bNuestro Pueblo, _c1940. |
||
| 300 | _a182 p. | ||
| 650 | 4 |
_aPOESIA ESPAÑOLA - _vCOLECCIONES _91238 |
|
| 905 | _aLibro | ||
| 999 |
_c7692 _d7692 |
||